Základy petrologie /

Hlavní autor: Matyášek, Jiří, 1946-
Korporativní autor: Masarykova univerzita. Pedagogická fakulta
Další autoři: Suk, Miloš, 1934-2014
Jazyk: Čeština
Vydáno: Brno : Masarykova univerzita, Pedagogická fakulta, 2002
Vydání: 1. vyd.
Témata:
Fyzický popis: 224 s. : il. ; 30 cm
Knihy
Uloženo v:
LEADER 01451nam a2200373 a 4500
001 000656019
003 CZ BrMZK
005 20090408155951.0
007 ta
008 030304s2002 xr a e p 000 0 cze d
015 |a cnb001198541 
020 |a 80-210-3011-9  |q (brož.) 
035 |a (OCoLC)53274324 
040 |a BOA001  |b cze 
072 7 |a 552  |x Petrologie  |2 Konspekt  |9 7 
072 7 |a 37.016  |x Učební osnovy. Vyučovací předměty. Učebnice  |2 Konspekt  |9 22 
080 |a 552  |2 MRF 
080 |a (075.8)  |2 MRF 
100 1 |a Matyášek, Jiří,  |d 1946-  |7 ola2004220089  |4 aut 
245 1 0 |a Základy petrologie /  |c Jiří Matyášek, Miloš Suk 
250 |a 1. vyd. 
260 |a Brno :  |b Masarykova univerzita, Pedagogická fakulta,  |c 2002 
300 |a 224 s. :  |b il. ;  |c 30 cm 
500 |a 300 výt. 
504 |a Obsahuje bibliografii 
650 0 7 |a petrologie  |7 ph115723  |2 czenas 
655 7 |a učebnice vysokých škol  |7 fd133772  |2 czenas 
700 1 |a Suk, Miloš,  |d 1934-2014  |7 jk01121755  |4 aut 
710 2 |a Masarykova univerzita.  |b Pedagogická fakulta  |7 kn20010709279 
910 |a BOA001  |b 3-1116.110 
990 |a BK 
996 6 |b 2610185100  |c 3-1116.110  |l MZK  |r Sklad / do 1 hodiny  |n 0  |p p.v.  |w 000656019  |u 000010  |a 1  |e BOA001  |j MZK50  |s P 
996 7 |b 2610185602  |c 3-1116.110  |l MZK  |r Sklad / do 1 hodiny  |n 13  |p kup  |w 000656019  |u 000020  |a 1  |e BOA001  |j MZK50  |s A 
996 7 |b 2610185603  |c 3-1116.110  |l MZK  |r Sklad / do 1 hodiny  |n 13  |p kup  |w 000656019  |u 000030  |a 1  |e BOA001  |j MZK50  |s A